书目信息 |
| 题名: |
新兴的海洋生物技术
|
|
| 作者: | 秦松 | |
| 分册: | ||
| 出版信息: | 济南 山东科技技术出版社 1999 |
|
| 页数: | 161页 | |
| 开本: | 20cm | |
| 丛书名: | 海洋新探索丛书 | |
| 单 册: | ||
| 中图分类: | P745 | |
| 科图分类: | ||
| 主题词: | 海洋开发 , 海洋资源 , 海洋资源--海洋开发 | |
| 电子资源: | ||
| ISBN: | 7-5331-2393-X | |
| 000 | 00641nam0 2200229 450 | |
| 001 | 0736196517 | |
| 005 | 20070924100316.51 | |
| 010 | @a7-5331-2393-X@d¥12.00 | |
| 100 | @a20070924d km y0chiy0120 ea | |
| 101 | 0 | @achi |
| 200 | 1 | @a新兴的海洋生物技术@Axin xing de hai yang sheng wu ji shu@f秦松@Fqin song |
| 210 | @a济南@c山东科技技术出版社@d1999 | |
| 215 | @a161页@c插图@d20cm | |
| 225 | 2 | @a海洋新探索丛书 |
| 410 | 0 | @12001 @a海洋新探索丛书 |
| 606 | 0 | @a海洋开发 |
| 606 | 0 | @a海洋资源 |
| 606 | 0 | @a海洋资源@x海洋开发 |
| 690 | @aP745@v3 | |
| 701 | 0 | @a秦松@Aqin song |
| 801 | 0 | @aCN@bPFT@c20070924 |
| 905 | @a213230@dP745@eZY2@f1 | |
| 新兴的海洋生物技术/秦松.-济南:山东科技技术出版社,1999 |
| 161页:插图;20cm.-(海洋新探索丛书) |
| ISBN 7-5331-2393-X:¥12.00 |
| ● |
| 相关链接 |
|
|
|
|
正题名:新兴的海洋生物技术
索取号:P745/ZY2
 
预约/预借
| 序号 | 登录号 | 条形码 | 馆藏地/架位号 | 状态 | 备注 |
| 1 | 7900582 | 279005826 | 密集书库-资源管理系/ [索取号:P745/ZY2] | 在馆 |